000 00441nam a2200181Ia 4500
001 19261
005 20260306171731.0
008 260306s9999||||xx |||||||||||||| ||und||
041 _aESP
082 _a658.816
_bJ17
100 _aJaime Eslava, José de
_eAUT
245 0 _aPricing:
_bnuevas estrategias de precios
260 _c2012
300 _a357 páginas :
_c24 cm.
650 _aGEN
654 _aCAN
942 _cLIB
_dJUS
_fJUS
_2ddc
_n
999 _c19261
_d19261